Statistics for Random Asian City to Country

Click here to take the quiz!

General Stats

  • This quiz has been taken 87 times
  • The average score is 16 of 20

Answer Stats

CityCountry% Correct
KabulAfghanistan
100%
YerevanArmenia
100%
BakuAzerbaijan
100%
DhakaBangladesh
100%
TaizhouChina
100%
WenzhouChina
100%
NantongChina
100%
ChangshaChina
100%
YantaiChina
100%
XinxiangChina
100%
FuzhouChina
100%
UrumqiChina
100%
KunmingChina
100%
TangshanChina
100%
NanchangChina
100%
ChangchunChina
100%
ZiboChina
100%
NingboChina
100%
XuxhouChina
100%
QingdaoChina
100%
NanjingChina
100%
XianChina
100%
ChengduChina
100%
GuangzhouChina
100%
ShanghaiChina
100%
BeijingChina
100%
TianjinChina
100%
Hong KongChina
100%
XiamenChina
100%
WuhanChina
100%
HangzhouChina
100%
ChongqingChina
100%
ShenyangChina
100%
ShantouChina
100%
HuizhouChina
100%
TbilisiGeorgia
100%
JaipurIndia
100%
SuratIndia
100%
AhmedabadIndia
100%
KanpurIndia
100%
ChennaiIndia
100%
NagpurIndia
100%
MumbaiIndia
100%
KolkataIndia
100%
ChandigarhIndia
100%
VadodaraIndia
100%
VisakhapatnamIndia
100%
BengaluruIndia
100%
JakartaIndonesia
100%
BandungIndonesia
100%
MalangIndonesia
100%
SurakartaIndonesia
100%
DenpasarIndonesia
100%
PekanbaruIndonesia
100%
SerangIndonesia
100%
CirebonIndonesia
100%
MakassarIndonesia
100%
MashhadIran
100%
TabrizIran
100%
BaghdadIraq
100%
ErbilIraq
100%
SapporoJapan
100%
ShizuokaJapan
100%
KumamotoJapan
100%
HiroshimaJapan
100%
KitakyushuJapan
100%
OkayamaJapan
100%
FukuokaJapan
100%
TokyoJapan
100%
AstanaKazakhstan
100%
Kuwait CityKuwait
100%
BishkekKyrgyzstan
100%
BeirutLebanon
100%
UlaanbaatarMongolia
100%
KathmanduNepal
100%
PyongyangNorth Korea
100%
LahorePakistan
100%
MultanPakistan
100%
FaisalabadPakistan
100%
RawalpindiPakistan
100%
HyderabadPakistan
100%
GazaPalestine
100%
AngelesPhilippines
100%
ManilaPhilippines
100%
NovosibirskRussia
100%
KrasnoyarskRussia
100%
YekaterinburgRussia
100%
RiyadhSaudi Arabia
100%
JeddahSaudi Arabia
100%
MeccaSaudi Arabia
100%
MedinaSaudi Arabia
100%
SingaporeSingapore
100%
GwangjuSouth Korea
100%
SeoulSouth Korea
100%
ChangwonSouth Korea
100%
DamascusSyria
100%
TaipeiTaiwan
100%
TaichungTaiwan
100%
DushanbeTajikistan
100%
BangkokThailand
100%
IstanbulTurkey
100%
AntalyaTurkey
100%
TashkentUzbekistan
100%
HanoiVietnam
100%
Ho Chi Minh CityVietnam
100%
Sana'aYemen
100%
IndoreIndia
67%
QomIran
67%
LucknowIndia
50%
AgraIndia
50%
NashikIndia
50%
SemarangIndonesia
50%
MedanIndonesia
50%
KarawangIndonesia
50%
BasraIraq
50%
KonyaTurkey
50%
GaziantepTurkey
50%
Abu DhabiUnited Arab Emirates
50%
HamamatsuJapan
33%
GujranwalaPakistan
33%
ManamaBahrain
0%
KhulnaBangladesh
0%
ChittagongBangladesh
0%
Phnom PenhCambodia
0%
GuiyangChina
0%
HarbinChina
0%
LanzhouChina
0%
NanningChina
0%
ZhengzhouChina
0%
HefeiChina
0%
AnshanChina
0%
JiangyinChina
0%
TaiyuanChina
0%
BaotouChina
0%
JinanChina
0%
LinyiChina
0%
DalianChina
0%
HuainanChina
0%
ShijiazhuangChina
0%
DelhiIndia
0%
BhopalIndia
0%
PuneIndia
0%
CoimbatoreIndia
0%
HyderabadIndia
0%
PatnaIndia
0%
PalembangIndonesia
0%
YogyakartaIndonesia
0%
BatamIndonesia
0%
SurabayaIndonesia
0%
Bandar LampungIndonesia
0%
ShirazIran
0%
AhvazIran
0%
IsfahanIran
0%
TehranIran
0%
KirkukIraq
0%
MosulIraq
0%
Tel AvivIsrael
0%
NahaJapan
0%
SendaiJapan
0%
NagoyaJapan
0%
OsakaJapan
0%
AmmanJordan
0%
AlmatyKazakhstan
0%
Kuala LumpurMalaysia
0%
George TownMalaysia
0%
YangonMyanmar
0%
MandalayMyanmar
0%
MuscatOman
0%
QuettaPakistan
0%
KarachiPakistan
0%
PeshawarPakistan
0%
DavaoPhilippines
0%
CebuPhilippines
0%
DohaQatar
0%
OmskRussia
0%
ChelyabinskRussia
0%
DammamSaudi Arabia
0%
DaeguSouth Korea
0%
BusanSouth Korea
0%
DaejeonSouth Korea
0%
UldanSouth Korea
0%
ColomboSri Lanka
0%
AleppoSyria
0%
KaohsiungTaiwan
0%
TainanTaiwan
0%
ChonburiThailand
0%
AnkaraTurkey
0%
IzmirTurkey
0%
BursaTurkey
0%
AdanaTurkey
0%
KayseriTurkey
0%
DiyarbakirTurkey
0%
AshgabatTurkmenistan
0%
DubaiUnited Arab Emirates
0%

Score Distribution

Percentile by Number Answered

Percent of People with Each Score

Your Score History

You have not taken this quiz